Tercer sector y co-gestin̤ de polt̕icas en Espaą y Uruguay ¿un matrimonio por conveniencia? /

Detalles Bibliográficos
Autor principal: Rossel Odriozola, Cecilia
Autor Corporativo: Instituto Nacional de Administracin̤ Pb︢lica (Espaą)
Formato: Libro
Lenguaje:español
Publicado: Madrid : Instituto Nacional de Administracin̤ Pb︢lica, 2008
Colección:Iberoamřica (Instituto Nacional de Administracin̤ Pb︢lica (Espanya))
Materias:
Acceso en línea:Acceso restringido

MARC

LEADER 00000nam a2200000 a 4500
005 2011090206286.0
007 cr |||||||||||
008 110822s2008 sp d || o000 ||spa|c
020 |a 9788470887505 
035 |a 5526 
040 |a vLex 
090 |c 2359  |d 2359 
100 1 |a Rossel Odriozola, Cecilia 
245 1 0 |a Tercer sector y co-gestin̤ de polt̕icas en Espaą y Uruguay  |h [Recurso eleectrn̤ico] :  |b ¿un matrimonio por conveniencia? /  |c Cecilia Rossel Odriozola 
256 |a Servicio en ln̕ea. 
260 |a Madrid :  |b Instituto Nacional de Administracin̤ Pb︢lica,  |c 2008 
300 |a 1 recurso electrn̤ico (365 p.) 
490 1 |a Iberoamřica 
500 |a Descripcin̤ del recurso: 22 de agosto 2011 
504 |a Bibliografa̕ p. 317-348 
506 1 |a Contenido solo disponible en los productos indicados  |d vLex Global  |d vLex Global (Academic Edition, excluding Law Schools)  |d vLex Global (U.S. Academic Edition, Law Schools)  |d vLex Global (U.S. Academic Edition, excluding Law Schools)  |d vLex Global (Academic Edition, Law Schools) 
650 0 4 |a Servicios sociales  |z Espaą 
650 0 4 |a Servicios sociales  |z Uruguai 
650 0 4 |a Organizaciones no-lucrativas  |z Espaą 
650 0 4 |a Organizaciones no-lucratives  |z Uruguay 
710 2 |a Instituto Nacional de Administracin̤ Pb︢lica (Espaą) 
740 0 |a vLex Libros (Servicio en ln̕ea) 
830 0 |a Iberoamřica (Instituto Nacional de Administracin̤ Pb︢lica (Espanya)) 
856 4 0 |z Acceso restringido  |u http://vlex.com/source/tercer-sector-co-gestion-politicas-publicas-espa-a-uruguay-matrimonio-conveniencia-5526 
942 |c BOOK